000 01116nam a2200229 a 4500
001 BRCA_8913
005 20190320210445.0
008 200617s1753----sp-#######---#000-0#spa-#
041 _aspa
044 _asp
084 _aCO79
_b.A58 1753
100 1 _aArbiol, Antonio
_922166
245 1 0 _aLa religiosa instruida con doctrina de la sagrada escritura, y santos padres de la iglesia catholica para todas las operaciones de su vida regular, desde que recibe el Habito Santo, hasta la hora de su muerte
_cpor el R. P. Fr. Antonio Arbiol; se dedica a la Reyna de los Ángeles María Santissima, protectora, y amorosa madre de las fieles Esposas de su Santissimo Hijo.
260 _aMadrid
_bEn la Imprenta de la Causa de la V. M. María de Jesús de Agreda
_c1753
300 _a[18], [7], 857 p.
_c21 x 16 cm
500 _aCon privilegio
500 _aEstado físico: presenta encuadernación en pergamino y lomo desprendido
650 1 4 _aMonasticismo y ordenes religiosas de mujeres
_yObras anteriores a 1800
_922167
650 1 4 _aVida religiosa
_yObras anteriores a 1800
_922168
902 _aCFM
942 _2lcc
_cB
999 _c8564
_d8564